| 000 | 00606nam a22002177a 4500 | ||
|---|---|---|---|
| 001 | 00121 | ||
| 003 | DO-SdBNP | ||
| 005 | 20160322113915.0 | ||
| 007 | 00121 | ||
| 008 | 160322b sp 2002 ||||| |||| 00| 0 spa d | ||
| 020 | _a9788434885974 | ||
| 040 |
_aBPMSU _bspa _cBPMSU |
||
| 092 |
_axxxxxxxxx _bxxxxxxxxx |
||
| 245 |
_aDiccionario didáctico DICO : _bEspañol-Francés |
||
| 250 | _a4a ed. | ||
| 260 |
_aMadrid : _bEdiciones S. M., _c2002. |
||
| 300 |
_a736 p. : _bil., _c18 cm. |
||
| 500 | _aEl más adaptado a estudiantes de francés de nivel inicial | ||
| 942 |
_2ddc _cBK |
||
| 956 | _aBrenda Tavárez | ||
| 999 |
_c9369 _d9369 |
||